• 首页
  • 本馆介绍
  • 公告通知
  • 最新文献
  • 馆藏检索
  • 电子资源
  • 读者导购
  • 参考咨询
  • 我的图书馆
  • 登录
  • 详细信息显示
  • 放入我的书架
  • 预约/预借图书
  • 作者相关作品
  • 分类相关作品
  • 丛书相关作品
  • 出版社相关作品

书目信息

  • 表格格式
  • 工作单格式
  • 卡片格式
题名:
浑沌之旅
    
 
作者: 刘华杰 著
分册:  
出版信息: 武汉   湖北科学技术出版社  2016
页数: 161页
开本: 24cm
丛书名: 中国科普大奖图书典藏书系
单 册:
中图分类: O415.5
科图分类:
主题词: 混沌--Hundun--普及读物
电子资源:
ISBN: 978-7-5352-8214-9
000 00849nam0 2200241 450
001 3703
005 20160926151206.00
010    @a978-7-5352-8214-9@b平装@dCNY18.00
100    @a20141011d2016 em y0chiy0110 ea
101 0  @achi
102    @aCN@b420000
105    @aa z 000yd
200 1  @a浑沌之旅@9Hundunzhilv@f刘华杰著
210    @a武汉@c湖北科学技术出版社@d2016
215    @a161页@c图, 照片@d24cm
225 2  @a中国科普大奖图书典藏书系@9Zhongguokepudajiangtushudiancangshuxi@h第五辑
330    @a本书包括中央之帝为浑沌、艾丽丝请教矮梯胖梯、与天气斗法、振动的世界、耦合创造节律、非线性麻雀、从流到映射、人在宇宙中等内容。
461  0 @12001 @a中国科普大奖图书典藏书系
606 0  @a混沌@9Hundun@j普及读物
690    @aO415.5@v5
701  0 @a刘华杰@9Liuhuajie@4著
801  0 @aCN@b唐山师范学院图书馆@c20151001
905    @aZUCC@dO415.5@e101
    
    浑沌之旅/刘华杰著.-武汉:湖北科学技术出版社,2016
    161页:图, 照片;24cm.-(中国科普大奖图书典藏书系.第五辑)
    
    
    ISBN 978-7-5352-8214-9(平装):CNY18.00
    本书包括中央之帝为浑沌、艾丽丝请教矮梯胖梯、与天气斗法、振动的世界、耦合创造节律、非线性麻雀、从流到映射、人在宇宙中等内容。
●
相关链接 在E读中查询图书 在五车中查询图书 在当当中查询图书 在豆瓣中查询图书


正题名:浑沌之旅     索取号:O415.5/101         预约/预借

序号 登录号 条形码 馆藏地/架位号 状态 备注
1 906205   209062057   第二样本阅览室/ [索取号:O415.5/101] 在馆    
2 906206   209062066   第三借阅区/ [索取号:O415.5/101] 在馆    
3 906207   209062075   第三借阅区/ [索取号:O415.5/101] 在馆    
4 906208   209062084   第三借阅区/ [索取号:O415.5/101] 在馆    
5 906209   209062093   第三借阅区/ [索取号:O415.5/101] 在馆    
唐山师范学院图书馆 欢迎您!
大连网信软件有限公司© 版权所有